| 000 | 00537nam a22001937a 4500 | ||
|---|---|---|---|
| 999 |
_c6817 _d6817 |
||
| 003 | OSt | ||
| 005 | 20210315154729.0 | ||
| 008 | 210315b ||||| |||| 00| 0 eng d | ||
| 020 | _a0852554168 | ||
| 040 | _cDDC. | ||
| 082 | _a307.1WOO 2000. | ||
| 100 |
_aWoodhouse,philip;[et...al] _913967 |
||
| 245 |
_aAfrican Enclosures? _bThe Social Dynamics of Wetlands in Drylands. |
||
| 260 |
_aNairobi, _bEAEP, _c2000. |
||
| 300 |
_a238p; _bill, _c24cm. |
||
| 504 | _aincludes index, | ||
| 650 |
_aSocial Dynamics. _913968 |
||
| 942 |
_2ddc _cO_SHELF |
||